000 00629nam a2200181Ia 4500
008 090124s9999 xx 000 0 und d
082 _b31083
100 _aदिघे प्रभाकर
245 _a नेताजी सुभाषचंद्र बोस
250 _a1
260 _bआरती प्रकाशन
_c1992
300 _a95
600 _aदिघे प्रभाकर
630 _a नेताजी सुभाषचंद्र बोस
700 _aदिघे प्रभाकर
730 _a नेताजी सुभाषचंद्र बोस
942 _cBOOK
999 _c97181
_d97181